| 000 | 00917nam a22003257a 4500 | ||
|---|---|---|---|
| 003 | CHAP | ||
| 005 | 20220329135622.0 | ||
| 008 | 971013s1879 r 00010 d | ||
| 010 | _a39417 | ||
| 011 | _a40389 | ||
| 035 | _a44514 | ||
| 040 | _cCHAP | ||
| 082 |
_a599 _bF5 |
||
| 100 | 0 | 0 |
_aFiguier, Louis. _940856 |
| 245 | _aLes mammiferes | ||
| 250 | _a3 ed. | ||
| 260 |
_aParis : _bHachette, _c1879 |
||
| 300 |
_a671 p. _b: ilus. |
||
| 490 | _aTableau de la nature | ||
| 590 |
_aBATCH-UPD _b10 _c20130110 _lUCH01 _h0122 |
||
| 590 |
_aBATCH-UPD _b10 _c20130110 _lUCH01 _h2312 |
||
| 590 |
_aBATCH-UPD _b10 _c20130410 _lUCH01 _h1603 |
||
| 590 |
_aBATCH-UPD _b10 _c20130914 _lUCH01 _h1407 |
||
| 590 |
_aCONVERSION _b10 _c20130109 _lUCH01 _h1322 |
||
| 650 | 1 | 4 |
_aMamÃferos. _970236 |
| 830 | 0 |
_aTableau de la nature _9111298 |
|
| 901 | _aBK | ||
| 942 | _cLIBRO | ||
| 949 |
_a599 F5 _bBC _cBPP _d-101913 _eBPP _h27215 _i44514 _si |
||
| 999 |
_c39417 _d39417 |
||